Normal view
MARC view
- حشيش، عادل احمد
Entry Personal Name
001 - CONTROL NUMBER
- control field: 39997
003 - CONTROL NUMBER IDENTIFIER
- control field: JO-AjAnu
005 - DATE AND TIME OF LATEST TRANSACTION
- control field: 20230606080639.0
008 - FIXED-LENGTH DATA ELEMENTS
- fixed length control field: 230606|| aca||aabn | a|a d
040 ## - CATALOGING SOURCE
- Original cataloging agency: JO-AjAnu
- Transcribing agency: JO-AjAnu
100 ## - HEADING--PERSONAL NAME
- Personal name: حشيش، عادل احمد
670 ## - SOURCE DATA FOUND
- Source citation: Work cat.: (JO-AjAnu)20506: حشيش، عادل احمد, author, اصول الفن المالي للاقتصاد العام: دراسة تحليلية للقواعد العلمية الحاكمة للجانب الفني لعناصر مالية الدولة وفقا اللاصول المتعارف عليها في علم المالية العامة